Top Ten French Speaking Countries - Statistics

General Stats
  • This quiz has been taken 111 times
    91 since last reset
  • The average score is 6 of 10
Answer Stats
Hint Answer % Correct
60,000,000 France
98%
7,000,000 Canada
80%
4,000,000 Belgium
78%
33,000,000 Democratic Republic of the Congo
73%
2,000,000 Switzerland
69%
6,405,981 Cameroon
53%
2,506,000 Niger
53%
10,000,000 Ivory Coast
52%
1,301,443 United States
33%
123,000 Madagascar
20%
No matching quizzes found
Score Distribution
Percent of People with Each Score
Percentile by Number Answered
Your Score History
You have not taken this quiz since the last reset